书目信息 |
| 题名: |
科学技术测度体系
|
|
| 作者: | 盖斯勒, 著 ;刘娅 , 黄军英 , 周萍 译 | |
| 分册: | ||
| 出版信息: | 北京 科学技术文献出版社 2004.03 |
|
| 页数: | ⅩⅥ, 380页 | |
| 开本: | 21cm | |
| 丛书名: | ||
| 单 册: | ||
| 中图分类: | G301 | |
| 科图分类: | ||
| 主题词: | 科学技术--测度论 | |
| 电子资源: | ||
| ISBN: | 7-5023-4487-X | |
| 000 | 01540nam0 2200325 450 | |
| 001 | 0111506225 | |
| 005 | 20050912104533.28 | |
| 010 | @a7-5023-4487-X@dCNY20.00 | |
| 100 | @a20030111d2004 ekmy0chiy0121 ea | |
| 101 | 1 | @achi@ceng |
| 102 | @aCN@b110000 | |
| 105 | @aak a 001yy | |
| 200 | 1 | @a科学技术测度体系@AKe Xue Ji Shu Ce Du Ti Xi@d= The metrics of science and technology,@f(美) 埃利泽·盖斯勒@F(Mei) Ai Li Ze·Gai Si Le@g周萍 … [等] 译@Gzhou ping…[deng]yi@zeng |
| 210 | @a北京@c科学技术文献出版社@d2004.03 | |
| 215 | @aⅩⅥ, 380页@c图@d21cm | |
| 300 | @a国家自然科学基金支持 | |
| 304 | @a译者还有:黄军英、刘娅、潘云涛等。 | |
| 306 | @a本版本通过英国苏茜当版权代理公司获得了Greenwood Publishing Group Inc.的出版许可。 | |
| 320 | @a有书目 (第371~376页) 和索引。 | |
| 330 | @a本书介绍了评估和测度科技及其成果的体系,概述了科技测度问题以及用于评估我国通常归之于科技旗号下的诸多活动的方法。通过将构成了技术成果和进步的背景与测度它们的现有努力相结合,对过去和现在通过测度技术成就的定性和定量属性来做了大胆的尝试,以帮助读者理解科学、技术、经济和社会之间的复杂关系。书中详细介绍了用于评估和度量这种关系的测度工具。 | |
| 333 | @a科技管理人员、科技评估人员和科技政策研究人员。 | |
| 510 | 1 | @aMetrics of science and technology,@zeng |
| 606 | 0 | @x科学技术@x测度论 |
| 690 | @aG301@v4 | |
| 701 | 1 | @a盖斯勒,@AGai Si Le,@bE.@g(Geisler, Eliezer)@4著 |
| 702 | 0 | @a刘娅@ALiu Ya@4译 |
| 702 | 0 | @a黄军英@AHuang Jun Ying@4译 |
| 702 | 0 | @a周萍@Azhou ping@4译 |
| 801 | 0 | @aCN@bQSSK@c20050912 |
| 905 | @a10447@dG301@eG014 | |
| 科学技术测度体系= The metrics of science and technology,/(美) 埃利泽·盖斯勒/周萍 … [等] 译.-北京:科学技术文献出版社,2004.03 |
| ⅩⅥ, 380页:图;21cm |
| 国家自然科学基金支持.-使用对象:科技管理人员、科技评估人员和科技政策研究人员。 |
| ISBN 7-5023-4487-X:CNY20.00 |
| 本书介绍了评估和测度科技及其成果的体系,概述了科技测度问题以及用于评估我国通常归之于科技旗号下的诸多活动的方法。通过将构成了技术成果和进步的背景与测度它们的现有努力相结合,对过去和现在通过测度技术成就的定性和定量属性来做了大胆的尝试,以帮助读者理解科学、技术、经济和社会之间的复杂关系。书中详细介绍了用于评估和度量这种关系的测度工具。 |
| ● |
| 相关链接 |
|
|
|
正题名:科学技术测度体系
索取号:G301/G014
 
预约/预借
| 序号 | 登录号 | 条形码 | 馆藏地/架位号 | 状态 | 备注 |
| 1 | 569032 | 205690322 | 社科二线422/422社科库 31排3列1层/ [索取号:G301/G014] | 在馆 | |
| 2 | 569033 | 205690331 | 社科库409/409社科库 60排5列2层/ [索取号:G301/G014] | 在馆 | |
| 3 | 569034 | 205690340 | 社科库409/409社科库 60排5列2层/ [索取号:G301/G014] | 在馆 |